01478cam a22002651 450000100100000000500170001000800410002704000250006808200180009310000440011124500580015525000110021326000460022430000260027050001750029650000800047165000290055165100480058065100310062861000310065995201690069095201690085995201690102899900150119700000148920200929145609.0751231r19431723mx b 000 0 spa c aDO-SdBNPbspacBNPHU a972.01bT687m1 aTorquemada, Juan de,d1562 - 16249492110aMonarquia indiana, /cpor fray Juan de Torquemada ... a3. ed. aMexico, D.F., :bS. Chavez Hayhoe,c1943. a3 v. :bil. ;c29 cm. aFacsimile reproduction of the second edition, published in 1723, which has title: Primera [segunda, tercera] parte de los veinte i vn libros rituales i monarchia indiana. aThe second edition was edited by A. Gonzales de Barcia Carballido y Zuniga. 0aIndians of mexico.94922 0aMexicoxHistoryyConquest, 1519-1540.94923 0aMexicoxAntiquities.9492420aFranciscanszMexico.94925 001050718MOaGRbGRcHDd2009-09-22iLF1l0ov. 1p1489-10r2020-06-25w2020-06-25y1zPerteneció a la biblioteca personal de Julio Ortega Frier.ZNo se presta 001050718MOaGRbGRcHDd2011-05-27iLF1l0ov. 2p1489-20r2020-06-25w2020-06-25y1zPerteneció a la biblioteca personal de Julio Ortega Frier.ZNo se presta 001050718MOaGRbGRcHDd2011-05-27iLF1l0ov. 3p1489-30r2020-06-25w2020-06-25y1zPerteneció a la biblioteca personal de Julio Ortega Frier.ZNo se presta c1395d1395